| 000 | 01306nam a22002777a 4500 | ||
|---|---|---|---|
| 005 | 20170124102941.0 | ||
| 010 | _aA-883209 | ||
| 020 | _c250.00 | ||
| 035 | _aA-883209 | ||
| 037 | _bCen Lib/Ret | ||
| 040 |
_aDPL _bHN |
||
| 082 |
_a822 _bप्रतिनि |
||
| 245 |
_aप्रतिनिधि रंगमंचीय एकांकी / _cसंपादक श्रीकृष्ण [एवम] योगेन्द्रकुमार लल्ला |
||
| 246 |
_aPratinidhi rangmanchiy ekanki / _bsampadak Shrikrishan [and] Yogendrakumar Lalla |
||
| 260 |
_aदिल्ली _bआत्माराम एंड संस _c1997 |
||
| 270 |
_aकश्मीरी गेट _bदिल्ली _e110006 |
||
| 300 |
_a349पृ. _c19सेमी(सजिल्द) |
||
| 490 | _aप्रतिनिधि साहित्य माला | ||
| 650 |
_aहिंदी साहित्य _948547 |
||
| 650 |
_aहिंदी साहित्य -- नाटक _948548 |
||
| 650 |
_aHindi literature _948549 |
||
| 650 |
_aHindi literature -- Drama _948550 |
||
| 700 |
_aश्रीकृष्ण _948551 |
||
| 700 |
_aलल्ला, योगेन्द्रकुमार _945068 |
||
| 942 |
_2ddc _cHN _h822 _mप्रतिनि |
||
| 999 |
_c112644 _d112644 |
||